Handbook bibliometrics (Registro nro. 35535)
[ vista simple ]
| 000 -CABECERA | |
|---|---|
| Longitud fija campo de control | 00723cam a2200229 i 4500 |
| 003 - IDENTIFICADOR DELl NÚMERO DE CONTROL | |
| Identificador del número de control | OSt |
| 005 - FECHA Y HORA DE LA ÚLTIMA TRANSACCIÓN | |
| Fecha y hora de la última transacción | 20250114170626.0 |
| 008 - CÓDIGOS DE INFORMACIÓN DE LONGITUD FIJA | |
| Códigos de información de longitud fija | 200901s2022 gw ab bf 001 0 eng d |
| 010 ## - NÚMERO DE CONTROL DE LA BIBLIOTECA DEL CONGRESO | |
| Número de control de LC | 2020945307 |
| 020 ## - NÚMERO INTERNACIONAL NORMALIZADO PARA LIBROS | |
| Número Internacional Normalizado para Libros (ISBN) | 978-3-11-108900-3 |
| 040 ## - FUENTE DE LA CATALOGACIÓN | |
| Centro catalogador de origen | YDX |
| Lengua de catalogación | eng |
| Centro transcriptor | BMC |
| 082 04 - NÚMERO DE LA CLASIFICACIÓN DECIMAL DEWEY | |
| Númeroo de clasificación | 025.3 |
| 245 00 - MENCIÓN DE TÍTULO | |
| Título | Handbook bibliometrics |
| Mención de responsabilidad, etc. | edited by, Rafael Ball |
| 260 ## - PUBLICACIÓN, DISTRIBUCIÓN, ETC. (PIE DE IMPRENTA) | |
| Lugar de publicación, distribución, etc. | Berlin |
| Nombre del editor, distribuidor, etc. | De Gruyter Saur |
| Fecha de publicación, distribución, etc. | Cop. 2022 |
| 300 ## - DESCRIPCIÓN FÍSICA | |
| Extensión | XI, 530 pag. |
| Otras características físicas | illustrations (some color), map. |
| Dimensiones | 25 cm. |
| 490 1# - MENCIÓN DE SERIE | |
| Mención de serie | De Gruyter Saur reference |
| 504 ## - NOTA DE BIBLIOGRAFÍA, ETC | |
| Nota de bibliografía, etc. | Includes bibliographical references and index. |
| 650 24 - PUNTO DE ACCESO ADICIONAL DE MATERIA - TÉRMINO DE MATERIA | |
| Término de materia o nombre geográfico como elemento inicial | Bibliometría |
| 9 (RLIN) | 49061 |
| 655 #7 - TÉRMINO DE INDIZACIÓN - GÉNERO/FORMA | |
| Datos o término principal de género/forma | Handbooks and manuals. |
| Fuente del término | fast |
| Número de control del registro de autoridad | (OCoLC)fst01423877 |
| 700 1# - PUNTO DE ACCESO ADICIONAL - NOMBRE DE PERSONA | |
| Nombre de persona | Ball, Rafael |
| 9 (RLIN) | 49099 |
| 942 ## - ENTRADA DE ELEMENTOS AGREGADOS (KOHA) | |
| Fuente de clasificaión o esquema | Dewey Decimal Classification |
| Koha [por defecto] tipo de item | 1- Monografias |
| Suprimido | Perdido | Fuente de clasificación o esquema | Estropeado | Restricciones de uso | No para préstamo | Código de colección | Localización permanente | Localización actual | Localización en estanter&íacute;as | Fecha adquisición | Fuente de adquisición | Número de inventario | Préstamos totales | Signatura completa | Código de barras | Fecha última consulta | Coste, precio reemplazado | Fecha del precio de reemplazo | Tipo de item de Koha |
|---|---|---|---|---|---|---|---|---|---|---|---|---|---|---|---|---|---|---|---|
| NULL | NULL | Dewey Decimal Classification | NULL | Prestable | NULL | NULL | Biblioteca Miguel de Cervantes - UNICAES | Biblioteca Miguel de Cervantes - UNICAES | Sala Principal | 05/12/2024 | Compra-Escuela de Posgrados | 036132 | 025.3 HAN | 1052751 | 09/01/2025 | 275.00 | 09/01/2025 | 1- Monografias | |
| NULL | NULL | Dewey Decimal Classification | NULL | Prestable | NULL | NULL | Biblioteca Miguel de Cervantes - UNICAES | Biblioteca Miguel de Cervantes - UNICAES | Sala Principal | 05/12/2024 | Compra-Escuela de Posgrados | 036133 | 025.3 HAN | 1052752 | 09/01/2025 | 275.00 | 09/01/2025 | 1- Monografias | |
| NULL | NULL | Dewey Decimal Classification | NULL | Prestable | NULL | NULL | Biblioteca Miguel de Cervantes - UNICAES | Biblioteca Miguel de Cervantes - UNICAES | Sala Principal | 05/12/2024 | Compra-Escuela de Posgrados | 036134 | 025.3 HAN | 1052753 | 09/01/2025 | 275.00 | 09/01/2025 | 1- Monografias |